Quizzes
Events
Quiz Creation
Community
Videos
Private Events
Remove Ads
Sign In
Join for FREE
Feedback
Dark Mode
Quiz Categories
Sports
Geography
Music
Movies
Television
Just For Fun
Miscellaneous
History
Literature
Language
Science
Gaming
Entertainment
Religion
Holiday
For Kids
Quiz Lab
Recent
Popular Today
Quiz Kudos Today
Editor Picks
Curator Picks
Quizzes by...
Day
Popularity
Type
Ratings
Length
Year
Community
Subscriptions
Recent Discussions
Orange Saloon
Badges
Playlists
Quests
Create
Leaderboards
Showdown
Live 5
Trivia Bingo
Activity
Puzzle Library
Sporcle Events
Private Events
Virtual Trivia
Globe League
Become a Host
Pub Owners
SporcleCon
Opinionation
Our Games
Videos
Blog
Mobile Apps
Partnerships
Remove Ads and Go Orange
Feedback
Television
TV Characters
TV Show
Sitcom
Network
Friends
Reality Shows
Cast
South Park
Star Trek
The Simpsons
Doctor Who
Television
TV Characters
TV Show
Sitcom
Network
Friends
Reality Shows
Cast
South Park
Star Trek
The Simpsons
Doctor Who
Random Quiz
Search Sporcle
×
Quiz Lab
Quiz Lab
Television
South Park
Type in answers that appear in a list
Type in answers that appear in a list
Classic
Best Score? Go Orange.
South Park Characters by Number of Lines (Seasons 7-9) Stats
Can you name the South Park Characters by Number of Lines (Seasons 7-9)?
By
Basaka
8m
30 Questions
640 Plays
640 Plays
640 Plays
Comments
Comments
Give Quiz Kudos
Give Quiz Kudos
-
- Ratings
hide this ad
Replay
Link that replays current quiz
Next Quiz
Link to next quiz in quiz playlist
You Got
0%
They Got
Avg Score
66%
Avg Friend Score
Upgrade to see
Score Distribution
Jump to the score distribution portion of the page
Score
0/30
Timer
08:00
1
Play Today
Number of Lines
Character
% Correct
1635
Eric Cartman
99.7%
1389
Stan Marsh
99.1%
1212
Kyle Broflovski
99.1%
113
Kenny McCormick
97.2%
571
Butters Stotch
96.1%
480
Randy Marsh
95.9%
266
Mr.(Mrs.) Garrison
90.5%
85
Sheila Broflovski
88.4%
98
Sharon Marsh
86.7%
110
Gerald Broflovski
85.6%
46
Wendy Testaburger
84.7%
99
Chef
84.4%
61
Token Black
83%
58
Craig Tucker
79.5%
47
Clyde Donovan
78.8%
Number of Lines
Character
% Correct
53
Mr. Mackey
77.8%
279
Jimmy Valmer
75.8%
49
Bebe Stevens
74.7%
56
Timmy Burch
74.4%
63
Liane Cartman
74.1%
106
Stephen Stotch
59.4%
87
Linda Stotch
54.7%
59
Officer Barbrady
48.6%
52
Mr. Slave
40.6%
89
Sgt. Yates
21.6%
41
Lu Kim
21.3%
48
Michael Jackson
13.8%
94
'Jennifer Lopez'
8.6%
41
Gary Harrison (the Mormon)
7.7%
44
Brian the Shambu Announcer
6.1%
Quiz Playlist
Details
Report
Send in Message
Add To Playlist
Classic:
Type in answers that appear in a list
Quiz Source
Last Updated: Feb 16, 2017
Quiz Scoreboard
CHALLENGE
Sign Up to Join the Scoreboard
Show All
Scores
Hide
Comments
May contain spoilers
Recently Published
9x9 Crossword: Cartoon Network
by jackfrog10
Miscellaneous
3m
College Basketball Coaching Resumes
by pancakes188
Sports
9m
Billboard Blitz: Fleetwood Mac
by CooCooCachoo
Music
15s
More to Explore
Quiz From the Vault
Featured Blog Post
Where Did the Easter Bunny Come From?
hide this ad
You Might Also Like...
Tags
South Park Quiz
Today's Top Quizzes in Television
Browse Television
hide this ad
Today's Top Quizzes in South Park
Browse South Park
Top Contributed Quizzes in Television
1
5-to-1: The Simpsons Families
2
5-to-1: Television Doctors
3
7-to-1: TV Show Settings
4
5-to-1: Streaming Originals
5
Adjectives in 00s TV Shows
6
One Piece Logic Puzzle
7
Survivor Seasons
8
Adjectives in 80s TV Shows
9
All US Survivor Seasons in Order
10
Adjectives in 10s TV Shows
Explore More
Trending Topics
Marvel
Crossword
NBA
Disney
Anime
Kpop
Harry Potter
WWE
Song
Puzzle
Country
Pokémon
NFL
Soccer
The Office
hide this ad
More By:
Basaka
Quiz
Plays
Rating
Category
Featured
Created
South Park Characters by Number of Lines (Seasons 1-3)
6,261
4.23
Television
Jun 6, 2014
Office (US) Characters by Number of Lines (All Seasons)
5,293
4.43
Television
Jul 5, 2013
The Office (US): Number of Lines (Season 1)
2,257
4.29
Television
Jul 2, 2013
South Park Characters by Number of Lines (Seasons 4-6)
1,705
4.79
Television
Jun 7, 2014
The Office (US): Number of Lines (Season 2)
1,481
4.50
Television
Jul 5, 2013
Go to Creator's Profile
Score Distribution
Quiz Creator Spotlight
Basaka
Follow
Send a Message
Quizzes Created
-
Created Quiz Play Count
-
More By This Creator
Popular Quizzes Today
1
Find the US States - No Outlines Minefield
2
Find the Countries of Europe - No Outlines Minefield
3
The Countries of the World
4
Find the US States
5
Risky Map Clicking: Biggest States A-Z
6
US States
7
Popular People in 1961
8
Movies - When Are They Set?
More Television Quizzes
Simpsons Surname Match-Up
Published
Trending Quizzes
Risky Map Clicking: Least Populous States A-Z
1-10 Letter G Words
1-10 Letter F Words
Risky Map Clicking: Next State Alphabetically
Adjectives in 80s TV Shows
Recently Updated
Leaping Animals
pecheneg
Reality TV Shows (A-Z)
bhenderson79
Rickey Henderson's Hall of Fame Teammates
pecheneg
Champions League XIs: Arsenal
pecheneg
Quick Pick: Celebrities in WWE's Hall of Fame
aduchscher
A-Z Keypad Blitz II
pecheneg
Multiple Oscar Actors
pecheneg
Mystery Phrase Blitz: Oscar 'Best Actors'
pecheneg
F. Scott Fitzgerald Novels
LTH
Pick 3 Villains
ddd62291
Trending Topics
Kpop
Anime
Crossword
Marvel
Harry Potter
Disney
NBA
The Office
Puzzle
NFL
Country
Song
WWE
Soccer
Pokémon
Your Account Isn't Verified!
In order to create a playlist on Sporcle, you need to verify the email address you used during registration. Go to your
Sporcle Settings
to finish the process.
Report this User
Report this user for behavior that violates our
Community Guidelines
.
Details:
Send Report
Go to the Sporcle.com Mobile Site →
Comments